| 000 | 00000nam##2200000za#4500 |
| 001 | 9.577241 |
| 003 | CaOODSP |
| 005 | 20210624185522 |
| 007 | cr ||||||||||| |
| 008 | 150406|1995||||xxc|||||o f|0| 0 eng|d |
| 040 | |aCaOODSP|beng |
| 043 | |an-cn--- |
| 086 | 1 |aFs97-13/958E-PDF |
| 110 | 1 |aCanada. |bDepartment of Fisheries and Oceans. |
| 245 | 10|aEffect of lowered temperature on growth of juvenile Nechako River Chinook salmon (Oncorhynchus tshawytscha) at three ration levels / |h[electronic resource]|cby John E. Shelbourn, W. Craig Clarke and C. D. Levings. |
| 260 | |aNanaimo - British Columbia : |bFisheries and Oceans Canada |c1995. |
| 300 | |a28p.|bfigs., references, tables |
| 490 | 1 |aCanadian data report of fisheries and aquatic sciences|vNo. 958 |
| 500 | |aOn t.p.: Pacific Biological Station, Nanaimo, British Columbia and West Vancouver Laboratory, West Vancouver, BC. The catalogue number and ISSN for the print edition appear in the PDF version. |
| 546 | |a(Résumé en français) |
| 590 | |a13-20-Supp|b2013-08-30 |
| 720 | 1 |aLevings, C. |
| 720 | 1 |aShelbourn, John E. |
| 720 | 1 |aClarke, W. Craig |
| 830 | #0|aCanadian data report of fisheries and aquatic sciences ;|vNo. 958|w(CaOODSP)9.505124 |
| 856 | 40|ahttp://publications.gc.ca|qPDF|s429 KB|uhttps://publications.gc.ca/collections/collection_2013/mpo-dfo/Fs97-13-958-eng.pdf|yNo. 958 |